[Event "National interclub championship"]
[Site "Belgique"]
[Date "1997.11.30"]
[Round "5"]
[White "Tondivar, Babak"]
[Black "Laurent, Bruno"]
[Result "1-0"]
[WhiteElo "2315"]
[BlackElo "2225"]
[Board "2"]
[WhiteTeam "CC Anderlecht"]
[BlackTeam "L'Échiquier du Grand-Mons"]
[WhiteTitle "FM"]
[PlyCount "73"]
[EventDate "1997.10.05"]
[Source "BelgaBase"]

1. Nf3 Nf6 2. c4 c5 3. g3 g6 4. Bg2 Bg7 5. O-O O-O 6. d4 cxd4 7. Nxd4 Nc6 8.
Nc3 Ng4 9. e3 d6 10. b3 a6 11. Bb2 Nxd4 12. exd4 Rb8 13. a4 Nh6 14. Nd5 Nf5 15.
Re1 e6 16. Ne3 Nxe3 17. Rxe3 b5 18. cxb5 axb5 19. Bc3 b4 20. Bb2 Qb6 21. Re2 e5
22. Rc2 exd4 23. Bd5 Be6 24. Qf3 Qa5 25. Bc6 Rbc8 26. Rac1 Qf5 27. Qxf5 Bxf5
28. Rc4 Bh6 29. Re1 d3 30. Rd1 Rfd8 31. f4 g5 32. Bf6 Rf8 33. fxg5 Bg7 34. Bb5
Be6 35. Rxc8 Rxc8 36. Rxd3 Bxf6 37. gxf6 1-0

[Event "National interclub championship"]
[Site "Mons"]
[Date "1997.11.30"]
[Round "5"]
[White "Tonoli, Walter"]
[Black "Le Quang, Kim"]
[Result "0-1"]
[WhiteElo "2240"]
[BlackElo "2225"]
[Board "4"]
[WhiteTeam "CC Anderlecht"]
[BlackTeam "L'Échiquier du Grand-Mons"]
[WhiteTitle "FM"]
[BlackTitle "FM"]
[PlyCount "80"]
[EventDate "1997.10.05"]
[Source "BelgaBase"]

1. c4 g6 2. g3 Bg7 3. Bg2 e5 4. Nc3 d6 5. e4 Nc6 6. d3 Nge7 7. Nge2 O-O 8. O-O
Nd4 9. Nxd4 exd4 10. Ne2 Rb8 11. b4 b5 12. cxb5 Rxb5 13. Bd2 Rb8 14. Rc1 c6 15.
Qa4 Qb6 16. Bg5 f6 17. Bf4 Rd8 18. Qb3+ Kh8 19. Bd2 Re8 20. Nf4 Ng8 21. Rc2 Bd7
22. Rfc1 Nh6 23. Bh3 f5 24. Bg2 fxe4 25. Bxe4 d5 26. Bg2 Ng4 27. Bh3 Qd8 28.
Kg2 Ne5 29. Bxd7 Qxd7 30. h3 Rf8 31. Ne2 Rf3 32. Bf4 Rxd3 33. Qa4 Rf8 34. Bxe5
Bxe5 35. f4 Qf5 36. fxe5 Qe4+ 37. Kg1 Re3 38. Qxc6 Rxe2 39. Rxe2 Qxe2 40. Qc2
Rf1+ 0-1

[Event "National interclub championship"]
[Site "Mons"]
[Date "1997.11.30"]
[Round "5"]
[White "Pelle, Guillaume"]
[Black "Beeckmans, Felix"]
[Result "1-0"]
[WhiteElo "2180"]
[BlackElo "2230"]
[Board "5"]
[WhiteTeam "L'Échiquier du Grand-Mons"]
[BlackTeam "CC Anderlecht"]
[PlyCount "61"]
[EventDate "1997.10.05"]
[Source "BelgaBase"]

1. e4 c5 2. Nf3 g6 3. c4 Bh6 4. Nc3 Nc6 5. d4 Bxc1 6. Rxc1 cxd4 7. Nxd4 d6 8.
Be2 Bd7 9. O-O Nf6 10. Qd2 O-O 11. Kh1 Qa5 12. f4 Rfd8 13. Nc2 Qc5 14. a3 a5
15. b3 Na7 16. b4 axb4 17. axb4 Qc7 18. Ne3 Bc6 19. Ned5 Bxd5 20. Nxd5 Nxd5 21.
exd5 Nc8 22. f5 Ra3 23. Bd3 Qb6 24. fxg6 fxg6 25. c5 dxc5 26. bxc5 Qa5 27. Qe2
e5 28. Bxg6 hxg6 29. Qxe5 Qa6 30. Qc7 Re8 31. Qf7+ 1-0

[Event "National interclub championship"]
[Site "Mons"]
[Date "1997.11.30"]
[Round "5"]
[White "Pouvreau, David"]
[Black "Mičić, Snezana"]
[Result "1/2-1/2"]
[WhiteElo "2045"]
[BlackElo "2210"]
[Board "7"]
[WhiteTeam "L'Échiquier du Grand-Mons"]
[BlackTeam "CC Anderlecht"]
[BlackTitle "WFM"]
[PlyCount "74"]
[EventDate "1997.10.05"]
[Source "BelgaBase"]

1. d4 d5 2. c4 c6 3. Nf3 Nf6 4. Nc3 e6 5. Bg5 h6 6. Bxf6 Qxf6 7. e3 Nd7 8. Bd3
Bd6 9. O-O Qd8 10. e4 dxc4 11. Bxc4 e5 12. Nxe5 Bxe5 13. dxe5 Nxe5 14. Qxd8+
Kxd8 15. Rad1+ Ke7 16. Bb3 Be6 17. Bxe6 fxe6 18. f4 Nc4 19. Rd4 b5 20. b3 Nd6
21. Rfd1 Rhd8 22. e5 Nf5 23. Rxd8 Rxd8 24. Rxd8 Kxd8 25. Kf2 Ke7 26. Ne4 Nd4
27. Ke3 Nc2+ 28. Kd2 Nb4 29. a3 Nd5 30. g3 a5 31. Kd3 Nb6 32. Nc5 h5 33. Kd4 g6
34. Kd3 Kf7 35. Kd4 Ke7 36. Kd3 Kf7 37. Kd4 Ke7 1/2-1/2

[Event "National interclub championship"]
[Site "Eupen"]
[Date "1997.12.14"]
[Round "6"]
[White "Lazarev, Vladimir"]
[Black "Bolzoni, Victor-Angel"]
[Result "1/2-1/2"]
[WhiteElo "2500"]
[BlackElo "2250"]
[Board "1"]
[WhiteTeam "SK Eupen '47"]
[BlackTeam "CRÉ Brussels"]
[WhiteTitle "IM"]
[BlackTitle "FM"]
[PlyCount "37"]
[EventDate "1997.10.05"]
[Source "BelgaBase"]

1. d4 Nf6 2. c4 g6 3. Nc3 d5 4. Nf3 Bg7 5. Qb3 dxc4 6. Qxc4 O-O 7. e4 Na6 8.
Be2 c5 9. d5 e6 10. Bg5 exd5 11. Nxd5 Qa5+ 12. b4 Nxb4 13. Nxf6+ Bxf6 14. Bxf6
Nd5+ 15. Kf1 Nxf6 16. e5 Ng4 17. h3 Nh6 18. Qf4 Nf5 19. g4 1/2-1/2

[Event "National interclub championship"]
[Site "Eupen"]
[Date "1997.12.14"]
[Round "6"]
[White "Thirion, Marcel"]
[Black "Kerkhof, Philippe"]
[Result "1/2-1/2"]
[WhiteElo "2200"]
[BlackElo "2240"]
[Board "3"]
[WhiteTeam "SK Eupen '47"]
[BlackTeam "CRÉ Brussels"]
[PlyCount "45"]
[EventDate "1997.10.05"]
[Source "BelgaBase"]

1. e4 d6 2. d4 Nf6 3. Nc3 g6 4. f4 Bg7 5. Nf3 c5 6. Bb5+ Bd7 7. e5 Ng4 8. Bxd7+
Qxd7 9. d5 dxe5 10. h3 e4 11. Nxe4 Nf6 12. Nxf6+ Bxf6 13. O-O O-O 14. c4 b5 15.
Ne5 Qd6 16. Qe2 bxc4 17. Qxc4 Rd8 18. Be3 Nd7 19. Nxd7 Rxd7 20. Rad1 Bxb2 21.
f5 Bd4 22. Bxd4 cxd4 23. Rxd4 1/2-1/2

[Event "National interclub championship"]
[Site "Eupen"]
[Date "1997.12.14"]
[Round "6"]
[White "Johannes, Alex"]
[Black "Timmermans, Ivo"]
[Result "1-0"]
[WhiteElo "2155"]
[BlackElo "2225"]
[Board "4"]
[WhiteTeam "CRÉ Brussels"]
[BlackTeam "SK Eupen '47"]
[PlyCount "61"]
[EventDate "1997.10.05"]
[Source "BelgaBase"]

1. d4 Nf6 2. c4 e6 3. Nc3 Bb4 4. e3 c5 5. Bd3 Nc6 6. Nge2 cxd4 7. exd4 d5 8.
cxd5 Nxd5 9. O-O O-O 10. a3 Bd6 11. Ne4 Be7 12. Bc2 Re8 13. Qd3 e5 14. N4c3 g6
15. Nxd5 Qxd5 16. Bb3 Bf5 17. Qd1 Qd7 18. d5 Na5 19. Ba2 Rac8 20. Ng3 Bc2 21.
Qf3 Bf8 22. Ne4 Bxe4 23. Qxe4 b6 24. f4 f5 25. Qe2 Bd6 26. b4 exf4 27. Qd3 Be5
28. Bxf4 Rc3 29. d6+ Re6 30. Qd5 Nb3 31. Bxe5 1-0

[Event "National interclub championship"]
[Site "Eupen"]
[Date "1997.12.14"]
[Round "6"]
[White "Becker, Dieter"]
[Black "Van Hoolandt, Patrick"]
[Result "1-0"]
[WhiteElo "2070"]
[BlackElo "2075"]
[Board "7"]
[WhiteTeam "SK Eupen '47"]
[BlackTeam "CRÉ Brussels"]
[PlyCount "61"]
[EventDate "1997.10.05"]
[Source "BelgaBase"]

1. c4 g6 2. Nc3 Bg7 3. Nf3 d6 4. d4 Nd7 5. e4 e5 6. Be2 Ne7 7. dxe5 dxe5 8. Be3
c6 9. Qd6 O-O 10. Rd1 Qe8 11. h4 h6 12. g4 f5 13. Nh2 Kh8 14. gxf5 Rf6 15. Qc7
gxf5 16. exf5 Nxf5 17. Ne4 Rf8 18. Nd6 Nxd6 19. Qxd6 Nf6 20. Rg1 Bf5 21. Ng4
Nxg4 22. Bxg4 Rf6 23. Qc7 Rg6 24. f3 h5 25. Bxf5 Rxg1+ 26. Bxg1 Qg8 27. Rd7 Rf8
28. Be4 Qxc4 29. Be3 Qb4+ 30. Bd2 Qxb2 31. Rxg7 1-0

[Event "National interclub championship"]
[Site "Ans"]
[Date "1997.12.14"]
[Round "6"]
[White "Docx, Stefan"]
[Black "Maes, Wim"]
[Result "1/2-1/2"]
[WhiteElo "2265"]
[BlackElo "2235"]
[Board "4"]
[WhiteTeam "K Antwerp SK"]
[BlackTeam "La Tour d'Ans-Loncin"]
[WhiteTitle "FM"]
[PlyCount "20"]
[EventDate "1997.10.05"]
[Source "BelgaBase"]

1. e4 c5 2. Nf3 e6 3. Nc3 a6 4. g3 b5 5. d4 cxd4 6. Nxd4 Bb7 7. Bg2 Nc6 8. O-O
Be7 9. Re1 d6 10. a3 Rc8 1/2-1/2

[Event "National interclub championship"]
[Site "Ans"]
[Date "1997.12.14"]
[Round "6"]
[White "Goossens, Étienne"]
[Black "Lavrenov, Yuli"]
[Result "1-0"]
[WhiteElo "2130"]
[BlackElo "2120"]
[Board "5"]
[WhiteTeam "La Tour d'Ans-Loncin"]
[BlackTeam "K Antwerp SK"]
[PlyCount "51"]
[EventDate "1997.10.05"]
[Source "BelgaBase"]

1. d4 Nf6 2. Nf3 g6 3. c4 Bg7 4. Nc3 d5 5. cxd5 Nxd5 6. e4 Nxc3 7. bxc3 O-O 8.
Rb1 c5 9. Be2 Nd7 10. O-O b6 11. e5 Qc7 12. Ng5 e6 13. h4 Bb7 14. Bf3 Rad8 15.
Bxb7 Qxb7 16. Qg4 Nb8 17. h5 h6 18. Ne4 g5 19. Nxc5 Qd5 20. Ne4 Nc6 21. Ba3
Qxa2 22. Bxf8 Rxf8 23. f4 gxf4 24. Nf6+ Kh8 25. Qxf4 Bxf6 26. Qxh6+ 1-0

[Event "National interclub championship"]
[Site "Brussels"]
[Date "1997.12.14"]
[Round "6"]
[White "Van der Stricht, Geert"]
[Black "Tondivar, Babak"]
[Result "1/2-1/2"]
[WhiteElo "2270"]
[BlackElo "2315"]
[Board "2"]
[WhiteTeam "K Ghent S Ruy Lopez"]
[BlackTeam "CC Anderlecht"]
[BlackTitle "FM"]
[PlyCount "65"]
[EventDate "1997.10.05"]
[Source "BelgaBase"]

1. d4 e6 2. c4 d5 3. Nc3 Be7 4. Nf3 Nf6 5. Bg5 h6 6. Bh4 O-O 7. e3 b6 8. Qb3
Bb7 9. Bxf6 Bxf6 10. cxd5 exd5 11. Rd1 Re8 12. Bd3 Nc6 13. O-O Na5 14. Qa4 c5
15. Rfe1 c4 16. Bb1 a6 17. Qc2 g6 18. e4 dxe4 19. Nxe4 Bxe4 20. Rxe4 Qd5 21.
Ne5 Rac8 22. Qe2 Red8 23. h4 Nc6 24. Nxc6 Rxc6 25. Re8+ Kg7 26. Rxd8 Qxd8 27.
h5 Bxd4 28. hxg6 Rd6 29. Qxc4 fxg6 30. Rd2 a5 31. a4 Bc5 32. Rxd6 Qxd6 33. Ba2
1/2-1/2

[Event "National interclub championship"]
[Site "Brussels"]
[Date "1997.12.14"]
[Round "6"]
[White "Henris, Luc"]
[Black "Goormachtigh, Johan"]
[Result "1/2-1/2"]
[WhiteElo "2240"]
[BlackElo "2305"]
[Board "3"]
[WhiteTeam "CC Anderlecht"]
[BlackTeam "K Ghent S Ruy Lopez"]
[WhiteTitle "FM"]
[BlackTitle "FM"]
[PlyCount "43"]
[EventDate "1997.10.05"]
[Source "BelgaBase"]

1. e4 c5 2. c3 d5 3. exd5 Qxd5 4. d4 Nf6 5. Nf3 Bg4 6. Qa4+ Bd7 7. Qb3 Qxb3 8.
axb3 e6 9. dxc5 Bxc5 10. b4 Be7 11. Be3 a6 12. Nbd2 O-O 13. Nc4 Nc6 14. Nb6
Rad8 15. b5 axb5 16. Nxd7 Nxd7 17. Bxb5 Bc5 18. Bxc5 Nxc5 19. Ke2 Ne7 20. Rhd1
Nd5 21. g3 Rc8 22. Ra7 1/2-1/2

[Event "National interclub championship"]
[Site "Brussels"]
[Date "1997.12.14"]
[Round "6"]
[White "Schalkx, Johnny"]
[Black "Tonoli, Walter"]
[Result "1-0"]
[WhiteElo "2290"]
[BlackElo "2240"]
[Board "4"]
[WhiteTeam "K Ghent S Ruy Lopez"]
[BlackTeam "CC Anderlecht"]
[BlackTitle "FM"]
[PlyCount "117"]
[EventDate "1997.10.05"]
[Source "BelgaBase"]

1. e4 c5 2. Nf3 g6 3. c3 Bg7 4. Bc4 d6 5. O-O Nf6 6. e5 dxe5 7. Nxe5 O-O 8. d4
cxd4 9. cxd4 Nbd7 10. Nc3 e6 11. Bb3 Nxe5 12. dxe5 Nd7 13. f4 b6 14. Qe2 Nc5
15. Bc4 a5 16. Be3 Ba6 17. Bxc5 Bxc4 18. Qxc4 Qc7 19. Ne4 Rfc8 20. b3 bxc5 21.
Rac1 Bf8 22. Rf3 Qb6 23. Nf6+ Kg7 24. Rh3 h6 25. f5 Qb4 26. fxe6 Qxc4 27. Rxc4
fxe6 28. Rhc3 Rd8 29. Rc2 Rd1+ 30. Kf2 Rad8 31. Ra4 Ra8 32. Ke3 Be7 33. Ng4 Rd5
34. Ke4 Rad8 35. Rxa5 Rd4+ 36. Kf3 Rf8+ 37. Nf6 Bxf6 38. exf6+ Rxf6+ 39. Ke3
Rff4 40. g3 Rfe4+ 41. Kf3 c4 42. b4 Kf6 43. Rc5 g5 44. b5 g4+ 45. Kf2 Rd5 46.
Rxd5 exd5 47. b6 Re8 48. a4 Ra8 49. Ra2 Ke5 50. a5 Kd6 51. a6 Kc6 52. b7 Rf8+
53. Ke3 Re8+ 54. Kd4 Re4+ 55. Kc3 Re3+ 56. Kd2 Re8 57. Rb2 d4 58. b8=Q c3+ 59.
Kd3 1-0

[Event "National interclub championship"]
[Site "Brussels"]
[Date "1997.12.14"]
[Round "6"]
[White "Beeckmans, Felix"]
[Black "Gommers, Ralf"]
[Result "1/2-1/2"]
[WhiteElo "2240"]
[BlackElo "2255"]
[Board "5"]
[WhiteTeam "CC Anderlecht"]
[BlackTeam "K Ghent S Ruy Lopez"]
[PlyCount "93"]
[EventDate "1997.10.05"]
[Source "BelgaBase"]

1. e4 c5 2. Nf3 Nc6 3. Bb5 d6 4. O-O Bd7 5. c3 a6 6. Bxc6 Bxc6 7. Re1 Nf6 8. d4
Bxe4 9. Bg5 Bc6 10. Bxf6 gxf6 11. d5 Bd7 12. Nh4 e5 13. dxe6 Bxe6 14. c4 Be7
15. Qh5 Qd7 16. Nc3 O-O-O 17. Nd5 Bxd5 18. Qxd5 Bf8 19. Nf5 Rg8 20. f4 Qc6 21.
Rad1 Qxd5 22. Rxd5 b5 23. cxb5 axb5 24. b4 Kc7 25. Red1 Ra8 26. R1d2 Kb6 27.
Nxd6 cxb4 28. Rc2 Bxd6 29. Rxd6+ Ka5 30. Rxf6 Ra7 31. Rd6 Rg6 32. Rd4 b3 33.
axb3 Kb6 34. Kf2 Rc6 35. Rcd2 Rc3 36. b4 Rac7 37. g4 Rb3 38. f5 Rc4 39. Rd6+
Kb7 40. Rd7+ Kc8 41. Rxf7 Rxg4 42. Ra2 Kb8 43. Re2 Rf4+ 44. Ke1 Rb1+ 45. Kd2
Rb2+ 46. Ke3 Rbxb4 47. Kd2 1/2-1/2

[Event "National interclub championship"]
[Site "Brussels"]
[Date "1997.12.14"]
[Round "6"]
[White "de Wit, Michel"]
[Black "Faybish, Nimrod"]
[Result "1-0"]
[WhiteElo "2305"]
[BlackElo "2190"]
[Board "6"]
[WhiteTeam "K Ghent S Ruy Lopez"]
[BlackTeam "CC Anderlecht"]
[PlyCount "91"]
[EventDate "1997.10.05"]
[Source "BelgaBase"]

1. e4 c5 2. c3 d5 3. exd5 Qxd5 4. Nf3 Nf6 5. Na3 Nc6 6. d4 Bg4 7. dxc5 Qxd1+ 8.
Kxd1 e6 9. b4 Ne4 10. Kc2 Nxf2 11. Rg1 Be7 12. Bb5 Bf5+ 13. Kb3 Rc8 14. Nd4 Be4
15. Re1 O-O 16. Re2 Bd5+ 17. Bc4 Nxd4+ 18. cxd4 Bxc4+ 19. Nxc4 Ng4 20. Bf4 Nf6
21. Nd6 Bxd6 22. Bxd6 Rfd8 23. Rd1 Nd5 24. a4 Nc3 25. Kxc3 Rxd6 26. Kc4 Rd5 27.
Re5 Rcd8 28. Rxd5 Rxd5 29. b5 Kf8 30. a5 Ke7 31. a6 bxa6 32. bxa6 Kd7 33. Rb1
Kc6 34. Rb8 Rd7 35. Rc8+ Rc7 36. Rg8 f6 37. Re8 Kd7 38. Rh8 h6 39. Kb5 Ke7 40.
Rg8 Kf7 41. Rb8 Ke7 42. Kc4 f5 43. d5 exd5+ 44. Kxd5 Rd7+ 45. Ke5 g6 46. c6 1-0

[Event "National interclub championship"]
[Site "Ghent"]
[Date "1997.12.14"]
[Round "6"]
[White "Rausis, Igors"]
[Black "van Mil, Johan"]
[Result "1-0"]
[WhiteElo "2490"]
[BlackElo "2420"]
[Board "1"]
[WhiteTeam "Jean Jaurès Ghent"]
[BlackTeam "OSK Tessenderlo"]
[WhiteTitle "GM"]
[BlackTitle "IM"]
[PlyCount "81"]
[EventDate "1997.10.05"]
[Source "BelgaBase"]

1. d4 g6 2. e4 Bg7 3. c3 d5 4. exd5 Qxd5 5. Be2 Nf6 6. Bf3 Qd8 7. Ne2 O-O 8.
O-O c6 9. Nf4 Bf5 10. Nd2 Qc7 11. Nc4 Nbd7 12. Re1 Nb6 13. Ne5 Rad8 14. Qe2
Rfe8 15. Nfd3 Bxd3 16. Nxd3 Nfd5 17. Bg5 Bf6 18. Bh6 Bg7 19. Bxg7 Kxg7 20. g3
Nd7 21. Rad1 e6 22. h4 h5 23. Qd2 N5f6 24. Qg5 Nh7 25. Qe3 Nhf6 26. a3 Qa5 27.
Qf4 Qb5 28. Kg2 Qa5 29. c4 Rc8 30. Re2 Qc7 31. Qg5 Nh7 32. Qd2 Rcd8 33. Qc3
Nhf6 34. Nf4 Kg8 35. Rde1 Kf8 36. Qc2 e5 37. dxe5 Nxe5 38. Qc3 Nxf3 39. Kxf3
Rxe2 40. Rxe2 Qd6 41. Ne6+ 1-0

[Event "National interclub championship"]
[Site "Brussels"]
[Date "1997.12.14"]
[Round "6"]
[White "Groffen, Hans"]
[Black "Van Beers, Eddy"]
[Result "1/2-1/2"]
[WhiteElo "2225"]
[BlackElo "2275"]
[Board "3"]
[WhiteTeam "Jean Jaurès Ghent"]
[BlackTeam "OSK Tessenderlo"]
[PlyCount "93"]
[EventDate "1997.10.05"]
[Source "BelgaBase"]

1. d4 f5 2. g3 Nf6 3. Bg2 g6 4. Nh3 Bg7 5. Nf4 Nc6 6. d5 Ne5 7. Nc3 O-O 8. h4
Nf7 9. e4 e5 10. dxe6 dxe6 11. O-O c6 12. Qxd8 Rxd8 13. Nd3 Ng4 14. Na4 Rd4 15.
Nac5 b6 16. Nb3 Rd6 17. exf5 gxf5 18. Nb4 Bb7 19. c4 Rad8 20. c5 bxc5 21. Nxc5
Ba8 22. Bf4 e5 23. Be3 e4 24. Bf4 Bxb2 25. Bxd6 Bxa1 26. Bc7 Bd4 27. Ne6 Rd7
28. Nxd4 Rxd4 29. Nc2 Rd7 30. Bf4 c5 31. Rc1 Bd5 32. Ne3 Nxe3 33. Bxe3 c4 34.
Bh3 Be6 35. Bf4 Rb7 36. Bf1 Rb4 37. Rc3 Kg7 38. Ra3 Rb7 39. Rc3 Rb4 40. Ra3 Rb7
41. Rc3 Rb1 42. Kg2 Rb4 43. Ra3 Rb7 44. Ra6 Bd5 45. Ra5 Be6 46. Ra6 Bd5 47. Ra5
1/2-1/2

[Event "National interclub championship"]
[Site "Ghent"]
[Date "1997.12.14"]
[Round "6"]
[White "de Wolf, Johan"]
[Black "Sziva, Erika"]
[Result "1/2-1/2"]
[WhiteElo "2185"]
[BlackElo "2330"]
[Board "5"]
[WhiteTeam "Jean Jaurès Ghent"]
[BlackTeam "OSK Tessenderlo"]
[BlackTitle "WIM"]
[PlyCount "92"]
[EventDate "1997.10.05"]
[Source "BelgaBase"]

1. d4 Nf6 2. Nf3 g6 3. Bg5 Bg7 4. c3 d6 5. Nbd2 O-O 6. e4 h6 7. Bh4 c6 8. Bd3
Qc7 9. O-O Nbd7 10. a4 a5 11. Re1 e5 12. Qb3 Re8 13. Bg3 Nh5 14. Nc4 Nxg3 15.
hxg3 b6 16. Rad1 Ba6 17. Bb1 Rab8 18. Ba2 Re7 19. dxe5 dxe5 20. Nh4 Kh7 21. Qa3
Nc5 22. Nf3 Bc8 23. Nd6 Be6 24. b4 axb4 25. cxb4 Nb7 26. Nxb7 Rxb7 27. Bxe6
Rxe6 28. b5 cxb5 29. axb5 Ra7 30. Qb3 Bf8 31. Nd2 Ra3 32. Qd5 Bc5 33. Nc4 Rxg3
34. Qd7 Qxd7 35. Rxd7 Rf6 36. Re2 Rb3 37. Nxe5 Rb1+ 38. Kh2 Kg7 39. g3 Rxb5 40.
Nd3 Bf8 41. e5 Re6 42. f4 Ra5 43. Rc2 Bc5 44. Nxc5 Rxc5 45. Rxc5 bxc5 46. Rc7
g5 1/2-1/2

[Event "National interclub championship"]
[Site "Ghent"]
[Date "1997.12.14"]
[Round "6"]
[White "Van Herck, Marcel"]
[Black "Riemens, Albert"]
[Result "1/2-1/2"]
[WhiteElo "2205"]
[BlackElo "2185"]
[Board "6"]
[WhiteTeam "OSK Tessenderlo"]
[BlackTeam "Jean Jaurès Ghent"]
[PlyCount "54"]
[EventDate "1997.10.05"]
[Source "BelgaBase"]

1. e4 c5 2. Nf3 d6 3. d4 cxd4 4. Nxd4 Nf6 5. Nc3 Nc6 6. f3 e5 7. Nde2 Be6 8.
Nd5 Bxd5 9. exd5 Nb8 10. c4 Be7 11. Nc3 O-O 12. Bd3 Nfd7 13. O-O f5 14. Be3 a5
15. Rb1 Na6 16. a3 g6 17. b4 axb4 18. axb4 Bg5 19. Qc1 Bxe3+ 20. Qxe3 Qf6 21.
Rfc1 Rfc8 22. Na4 Nac5 23. Nb6 Nxb6 24. bxc5 Na4 25. cxd6 Qxd6 26. Re1 Nc5 27.
Bf1 Re8 1/2-1/2

[Event "National interclub championship"]
[Site "Eupen"]
[Date "1997.12.14"]
[Round "6"]
[White "Chuchelov, Vladimir"]
[Black "Laurent, Bruno"]
[Result "1/2-1/2"]
[WhiteElo "2540"]
[BlackElo "2225"]
[Board "1"]
[WhiteTeam "SK Rochade Eupen"]
[BlackTeam "L'Échiquier du Grand-Mons"]
[WhiteTitle "GM"]
[PlyCount "86"]
[EventDate "1997.10.05"]
[Source "BelgaBase"]

1. Nf3 Nf6 2. c4 c5 3. Nc3 Nc6 4. d4 cxd4 5. Nxd4 g6 6. e4 Bg7 7. Be3 Ng4 8.
Qxg4 Nxd4 9. Qd1 Nc6 10. Rc1 Qa5 11. Qd2 d6 12. Be2 f5 13. exf5 Bxf5 14. O-O
O-O 15. b3 Rfe8 16. f4 Rac8 17. Bf3 a6 18. Kh1 Rf8 19. Qd5+ Qxd5 20. Nxd5 e5
21. Rcd1 Kh8 22. Rd2 Nd4 23. Ne7 Rce8 24. Bxd4 exd4 25. Nxf5 Rxf5 26. Bxb7 Rxf4
27. Kg1 Bh6 28. Rd3 Rxf1+ 29. Kxf1 Be3 30. Ke2 a5 31. Kd1 Rf8 32. Bf3 Kg7 33.
a3 g5 34. h3 h5 35. b4 axb4 36. axb4 g4 37. hxg4 hxg4 38. Bxg4 Rf1+ 39. Kc2
Rf2+ 40. Kb3 Rxg2 41. Bf5 Kf6 42. Be4 Rd2 43. Ka4 Ke5 1/2-1/2

[Event "National interclub championship"]
[Site "Eupen"]
[Date "1997.12.14"]
[Round "6"]
[White "Wantiez, Fabrice"]
[Black "Winants, Luc"]
[Result "0-1"]
[WhiteElo "2105"]
[BlackElo "2515"]
[Board "2"]
[WhiteTeam "L'Échiquier du Grand-Mons"]
[BlackTeam "SK Rochade Eupen"]
[BlackTitle "IM"]
[PlyCount "77"]
[EventDate "1997.10.05"]
[Source "BelgaBase"]

1. e4 e5 2. Nf3 Nc6 3. Bb5 a6 4. Ba4 Nf6 5. O-O d6 6. c3 Be7 7. Re1 O-O 8. d3
Re8 9. Nbd2 Bf8 10. Nf1 h6 11. Ng3 b5 12. Bb3 Na5 13. Bc2 c5 14. a4 Bd7 15. Bd2
c4 16. d4 Qc7 17. Qe2 Nb3 18. Bxb3 cxb3 19. dxe5 dxe5 20. axb5 Bxb5 21. Qd1 Bc4
22. Be3 Ng4 23. Nd2 Nxe3 24. Rxe3 Red8 25. Qc1 Be6 26. c4 Be7 27. Nf3 Rab8 28.
Rxa6 Qxc4 29. Qxc4 Bxc4 30. Ra1 f6 31. Nf1 Bb4 32. Rc1 Bf7 33. Ne1 Rbc8 34. Ra1
Bc5 35. Rc3 Bd4 36. Rxc8 Rxc8 37. Rb1 Rd8 38. Nd2 Bb6 39. Kf1 0-1

[Event "National interclub championship"]
[Site "Antwerp"]
[Date "1997.12.14"]
[Round "6"]
[White "Cools, Gorik"]
[Black "Claesen, Pieter"]
[Result "1/2-1/2"]
[WhiteElo "2300"]
[BlackElo "2415"]
[Board "1"]
[WhiteTeam "SK Moretus Hoboken"]
[BlackTeam "LV Leuven"]
[BlackTitle "FM"]
[PlyCount "121"]
[EventDate "1997.10.05"]
[Source "BelgaBase"]

1. e4 e6 2. d4 d5 3. e5 c5 4. c3 Qb6 5. Nf3 Nc6 6. a3 Nh6 7. b4 cxd4 8. cxd4
Nf5 9. Bb2 Be7 10. Bd3 a5 11. b5 Ncxd4 12. Nxd4 Nxd4 13. Nc3 a4 14. O-O Bd7 15.
Nxa4 Qa5 16. Bxd4 Qxa4 17. Qxa4 Rxa4 18. Bb2 Bc5 19. Rfc1 b6 20. g3 Ke7 21. Bc2
Rc4 22. a4 Ra8 23. Bd1 Re4 24. Kg2 f6 25. a5 fxe5 26. axb6 Rxa1 27. Rxa1 Bxb6
28. Ra6 Bc5 29. b6 Kd6 30. Bf3 Re1 31. Bc3 Rb1 32. b7+ Kc7 33. Bxe5+ Kxb7 34.
Ra2 g6 35. Rc2 Bb6 36. h4 Bb5 37. g4 Bf1+ 38. Kg3 Bd3 39. Rd2 Rb3 40. Kf4 Rb4+
41. Kg5 Be4 42. Bd1 Bd8+ 43. Kh6 Bxh4 44. Kxh7 Bg5 45. f4 Bh4 46. g5 Be1 47.
Ra2 Bb1 48. Re2 Bg3 49. Bd6 Re4 50. Rb2+ Kc6 51. Be5 Rxe5 52. fxe5 Bf5 53. Ba4+
Kc5 54. Be8 Bxe5 55. Rf2 d4 56. Bxg6 Bxg6+ 57. Kxg6 d3 58. Kf7 Bd4 59. Rd2 Kc4
60. g6 Kc3 61. Rxd3+ 1/2-1/2

[Event "National interclub championship"]
[Site "Antwerp"]
[Date "1997.12.14"]
[Round "6"]
[White "Claesen, Jeroen"]
[Black "Plomp, Gordon"]
[Result "1-0"]
[WhiteElo "2290"]
[BlackElo "2330"]
[Board "2"]
[WhiteTeam "LV Leuven"]
[BlackTeam "SK Moretus Hoboken"]
[WhiteTitle "FM"]
[PlyCount "39"]
[EventDate "1997.10.05"]
[Source "BelgaBase"]

1. e4 c5 2. Nc3 Nc6 3. g3 e6 4. Bg2 Nf6 5. Nge2 Be7 6. O-O O-O 7. d4 cxd4 8.
Nxd4 a6 9. Bf4 Nxd4 10. Qxd4 d6 11. e5 dxe5 12. Bxe5 Qxd4 13. Bxd4 Nd7 14. Rad1
e5 15. Nd5 Bd8 16. Bc3 f5 17. Rfe1 Re8 18. Ne3 g6 19. Nc4 Bc7 20. Bd5+ 1-0

[Event "National interclub championship"]
[Site "Antwerp"]
[Date "1997.12.14"]
[Round "6"]
[White "Roofthoofd, Marcel"]
[Black "Vanderwaeren, Serge"]
[Result "1/2-1/2"]
[WhiteElo "2300"]
[BlackElo "2290"]
[Board "3"]
[WhiteTeam "SK Moretus Hoboken"]
[BlackTeam "LV Leuven"]
[WhiteTitle "FM"]
[BlackTitle "FM"]
[PlyCount "26"]
[EventDate "1997.10.05"]
[Source "BelgaBase"]

1. e4 b6 2. d4 Bb7 3. Bd3 e6 4. Nf3 c5 5. c3 cxd4 6. cxd4 Bb4+ 7. Bd2 Bxd2+ 8.
Nbxd2 Ne7 9. O-O O-O 10. Re1 f5 11. e5 Bd5 12. Nf1 Nbc6 13. N1d2 Nb4 1/2-1/2

[Event "National interclub championship"]
[Site "Antwerp"]
[Date "1997.12.14"]
[Round "6"]
[White "Van Mechelen, Jan"]
[Black "Plomp, Erwin"]
[Result "1-0"]
[WhiteElo "2240"]
[BlackElo "2200"]
[Board "4"]
[WhiteTeam "LV Leuven"]
[BlackTeam "SK Moretus Hoboken"]
[WhiteTitle "FM"]
[PlyCount "43"]
[EventDate "1997.10.05"]
[Source "BelgaBase"]

1. e4 c5 2. Nc3 e6 3. f4 a6 4. Nf3 Nc6 5. d4 cxd4 6. Nxd4 Qc7 7. Be3 d6 8. Qf3
Nf6 9. O-O-O Nxd4 10. Bxd4 Bd7 11. Bd3 Rc8 12. Qg3 h5 13. e5 dxe5 14. fxe5 Ng4
15. Ne4 Qa5 16. Kb1 Rg8 17. Rhf1 Nh6 18. Nd6+ Bxd6 19. exd6 g6 20. Qh4 Qd8 21.
Bf6 Qb6 22. Bg7 1-0

[Event "National interclub championship"]
[Site "Antwerp"]
[Date "1997.12.14"]
[Round "6"]
[White "Praet, Maarten"]
[Black "Soetewey, Steven"]
[Result "1-0"]
[WhiteElo "2200"]
[BlackElo "2180"]
[Board "6"]
[WhiteTeam "LV Leuven"]
[BlackTeam "SK Moretus Hoboken"]
[PlyCount "73"]
[EventDate "1997.10.05"]
[Source "BelgaBase"]

1. e4 Nc6 2. Nf3 d6 3. d4 Nf6 4. Nc3 Bg4 5. Be2 e6 6. O-O Be7 7. Re1 O-O 8. h3
Bh5 9. Bf4 Bg6 10. d5 exd5 11. exd5 Nb4 12. Rc1 c6 13. dxc6 bxc6 14. Bh2 Re8
15. Nd4 Qb6 16. a3 Nbd5 17. Na4 Qb7 18. c4 Nb6 19. Bf3 Rac8 20. Qb3 Bf8 21.
Rxe8 Nxe8 22. Nxb6 axb6 23. Nxc6 Nf6 24. Ne5 Be4 25. Bxe4 Qxe4 26. Nf3 d5 27.
Re1 Qxc4 28. Qxb6 Ne4 29. b4 Qd3 30. Qb7 Re8 31. Ne5 Rxe5 32. Bxe5 Qd2 33. Rf1
Nc3 34. Qc8 Ne2+ 35. Kh1 g6 36. Bd6 Qh6 37. Re1 1-0